| 000 | 00715fam a2200205 a 4500 | ||
|---|---|---|---|
| 020 | _a047193433X : | ||
| 082 | 0 | 0 |
_a624.1762 _bSKI _cL-37, P-20 |
| 100 | 1 |
_aSkinner, R. Ivan _942913 |
|
| 245 | 1 | 3 |
_aAn introduction to seismic isolation / _cR. Ivan Skinner, William H. Robinson, and Graeme H. McVerry. |
| 260 |
_aChichester ; _aNew York : _bWiley, _cc1993. |
||
| 300 |
_axxii, 354 p. : _bill. ; _c24 cm. |
||
| 526 |
_a0 _b0 _c0 _d624_176200000000000_SKI |
||
| 526 |
_a0 _b0 _c0 _d624_176200000000000_SKI |
||
| 650 | 0 |
_aEarthquake resistant design. _9652 |
|
| 650 | 0 |
_aMCE _9379 |
|
| 650 | 0 |
_aSeismic waves _xDamping. _942914 |
|
| 700 | 1 |
_aMcVerry, G. H. _942915 |
|
| 700 | 1 |
_aRobinson, William H. _942916 |
|
| 942 |
_2ddc _cBK |
||
| 999 |
_c546723 _d546723 |
||